東京都内で名前と同じ駅がある市区町村 - Statistics

General Stats
  • This quiz has been taken 283 times
    264 since last reset
  • The average score is 26 of 32
Answer Stats
Answer % Correct
新宿区
95%
品川区
93%
八王子市
93%
渋谷区
92%
立川市
92%
目黒区
91%
練馬区
90%
国分寺市
89%
板橋区
87%
府中市
87%
青梅市
87%
世田谷区
86%
中野区
86%
調布市
85%
国立市
85%
東村山市
84%
三鷹市
83%
町田市
83%
日野市
82%
小金井市
81%
狛江市
80%
東久留米市
78%
清瀬市
77%
昭島市
77%
福生市
77%
小平市
75%
江戸川区
74%
奥多摩町
74%
東大和市
70%
羽村市
70%
稲城市
68%
大島町
34%
No matching quizzes found
Score Distribution
Percent of People with Each Score
Percentile by Number Answered
Your Score History
You have not taken this quiz since the last reset